<?xml version="1.0" encoding="UTF-8"?>
<record
    xmlns:xsi="http://www.w3.org/2001/XMLSchema-instance"
    xsi:schemaLocation="http://www.loc.gov/MARC21/slim http://www.loc.gov/standards/marcxml/schema/MARC21slim.xsd"
    xmlns="http://www.loc.gov/MARC21/slim">

  <leader>00832nam a22002057a 4500</leader>
  <controlfield tag="005">20231127122843.0</controlfield>
  <controlfield tag="008">231127b           ||||| |||| 00| 0 eng d</controlfield>
  <datafield tag="040" ind1=" " ind2=" ">
    <subfield code="c">AL</subfield>
  </datafield>
  <datafield tag="041" ind1=" " ind2=" ">
    <subfield code="a">Kannada</subfield>
  </datafield>
  <datafield tag="082" ind1=" " ind2=" ">
    <subfield code="2">23</subfield>
    <subfield code="a">398.2K</subfield>
    <subfield code="b">GOWY</subfield>
  </datafield>
  <datafield tag="100" ind1=" " ind2=" ">
    <subfield code="a">K Chinnappa Gowda   &#xC95;&#xCC6; &#xC9A;&#xCBF;&#xCA8;&#xCCD;&#xCA8;&#xCAA;&#xCCD;&#xCAA; &#xC97;&#xCCC;&#xCA1;</subfield>
    <subfield code="9">143505</subfield>
  </datafield>
  <datafield tag="245" ind1=" " ind2=" ">
    <subfield code="a">Yakshagana  Prasangasanchaya  &#xCAF;&#xC95;&#xCCD;&#xCB7;&#xC97;&#xCBE;&#xCA8; &#xCAA;&#xCCD;&#xCB0;&#xCB8;&#xC82;&#xC97;&#xCB8;&#xC82;&#xC9A;&#xCAF; </subfield>
  </datafield>
  <datafield tag="260" ind1=" " ind2=" ">
    <subfield code="a">Mangalagangothri</subfield>
    <subfield code="b">Prasaranga Mangalore University</subfield>
    <subfield code="c">2006</subfield>
  </datafield>
  <datafield tag="300" ind1=" " ind2=" ">
    <subfield code="a">332 p.</subfield>
    <subfield code="b">PB</subfield>
    <subfield code="c">22x14 cm.</subfield>
  </datafield>
  <datafield tag="365" ind1=" " ind2=" ">
    <subfield code="a">063-065</subfield>
    <subfield code="b">&#x20B9;75.00</subfield>
    <subfield code="c">&#x20B9;</subfield>
    <subfield code="d">&#x20B9;150.00</subfield>
    <subfield code="e">50%</subfield>
    <subfield code="f">23-11-2023</subfield>
  </datafield>
  <datafield tag="650" ind1=" " ind2=" ">
    <subfield code="a">Yakshagana</subfield>
    <subfield code="9">143501</subfield>
  </datafield>
  <datafield tag="700" ind1=" " ind2=" ">
    <subfield code="a">GOWDA (Chinnappa)  &#xC97;&#xCCC;&#xCA1; (&#xC9A;&#xCBF;&#xCA8;&#xCCD;&#xCA8;&#xCAA;&#xCCD;&#xCAA;&#xC95;&#xCC6; )</subfield>
    <subfield code="9">143502</subfield>
  </datafield>
  <datafield tag="700" ind1=" " ind2=" ">
    <subfield code="a">BHAT (Padekallu Vishnu)  &#xCAD;&#xC9F;&#xCCD;( &#xCAA;&#xCBE;&#xCA6;&#xCC7;&#xC95;&#xCB2;&#xCCD;&#xCB2;&#xCC1; &#xCB5;&#xCBF;&#xCB7;&#xCCD;&#xCA3;&#xCC1;)</subfield>
    <subfield code="9">143503</subfield>
  </datafield>
  <datafield tag="942" ind1=" " ind2=" ">
    <subfield code="2">ddc</subfield>
    <subfield code="c">BK</subfield>
  </datafield>
  <datafield tag="999" ind1=" " ind2=" ">
    <subfield code="c">229320</subfield>
    <subfield code="d">229320</subfield>
  </datafield>
  <datafield tag="952" ind1=" " ind2=" ">
    <subfield code="0">0</subfield>
    <subfield code="1">0</subfield>
    <subfield code="2">ddc</subfield>
    <subfield code="4">0</subfield>
    <subfield code="7">0</subfield>
    <subfield code="8">KAN</subfield>
    <subfield code="a">AL</subfield>
    <subfield code="b">AL</subfield>
    <subfield code="d">2023-11-24</subfield>
    <subfield code="e">Prasaranga Mangalore University</subfield>
    <subfield code="g">75.00</subfield>
    <subfield code="l">0</subfield>
    <subfield code="o">398.2K GOWY</subfield>
    <subfield code="p">076905</subfield>
    <subfield code="r">2023-11-27 00:00:00</subfield>
    <subfield code="v">150.00</subfield>
    <subfield code="w">2023-11-27</subfield>
    <subfield code="y">BK</subfield>
  </datafield>
</record>
